[Event "SA Championship"]
[Site "Adelaide"]
[Date "1993.??.??"]
[Round "9"]
[White "Hornung, Michael P"]
[Black "Freytag, Justin"]
[Result "0-1"]
[WhiteElo "1568"]
[BlackElo "1995"]
[PlyCount "74"]
[EventDate "1993.??.??"]
[EventType "tourn"]
[EventRounds "11"]
[EventCountry "AUS"]

1. e4 c6 2. d4 d5 3. Nc3 dxe4 4. Nxe4 Nf6 5. Nxf6+ exf6 6. Nf3 Bd6 7. Bd3 O-O
8. O-O Na6 9. c3 Nc7 10. Qc2 g6 11. Nd2 Re8 12. Ne4 Bf8 13. Bd2 Bg7 14. Rae1 b6
15. Bf4 Ne6 16. Nd6 Re7 17. Bg3 a5 18. Be4 Bd7 19. Nb7 Qc8 20. Nd6 Qa6 21. f4
f5 22. Bf3 Bf6 23. a4 Qa7 24. Kh1 Qc7 25. Nc4 Be8 26. Ne3 Rd8 27. d5 Nc5 28. c4
Ne4 29. Bxe4 Rxe4 30. Ng4 Bg7 31. Rxe4 fxe4 32. f5 Qc8 33. Qxe4 cxd5 34. cxd5
gxf5 35. Rxf5 Qc1+ 36. Be1 Bd7 37. Rg5 Qxg5 0-1

[Event "SA Championship"]
[Site "Adelaide"]
[Date "1993.??.??"]
[Round "9"]
[White "Goldsmith, Alan D"]
[Black "Djelaj, Pasko"]
[Result "1-0"]
[WhiteElo "1971"]
[BlackElo "1740"]
[PlyCount "69"]
[EventDate "1993.??.??"]
[EventType "tourn"]
[EventRounds "11"]
[EventCountry "AUS"]

1. e4 c5 2. Nf3 e6 3. d4 cxd4 4. c3 dxc3 5. Bc4 d6 6. O-O Nc6 7. Nxc3 a6 8. Ng5
h6 9. Nxf7 Kxf7 10. f4 Qb6+ 11. Kh1 Qd4 12. Qe2 b5 13. Bb3 Qa7 14. Be3 Qb8 15.
f5 Nf6 16. fxe6+ Bxe6 17. Rxf6+ gxf6 18. Qh5+ Ke7 19. Bxe6 Kxe6 20. Qf5+ Kf7
21. Qd5+ Kg7 22. Qxc6 Be7 23. Nd5 Rc8 24. Qd7 Re8 25. Nxe7 Rxe7 26. Qxe7+ Kg6
27. Rf1 Qf8 28. Qe6 Re8 29. Qf5+ Kg7 30. Bd4 Qf7 31. Bxf6+ Kg8 32. Rf3 Re6 33.
Rg3+ Kf8 34. Rg6 d5 35. Rxh6 1-0

[Event "SA Championship"]
[Site "Adelaide"]
[Date "1993.??.??"]
[Round "9"]
[White "Cowley, Robert G"]
[Black "Stokes, Brett"]
[Result "1-0"]
[WhiteElo "2057"]
[BlackElo "1741"]
[PlyCount "67"]
[EventDate "1993.??.??"]
[EventType "tourn"]
[EventRounds "11"]
[EventCountry "AUS"]

1. e4 e5 2. Nf3 Nc6 3. Bb5 a6 4. Ba4 Nf6 5. O-O b5 6. Bb3 Be7 7. d4 Na5 8. dxe5
Nxb3 9. axb3 Ng8 10. Nc3 Bb7 11. Nd5 c6 12. Nxe7 Nxe7 13. Bg5 h6 14. Bh4 g5 15.
Bg3 c5 16. Re1 Nc6 17. Qd6 Qe7 18. Qc7 Nd8 19. Rad1 Rc8 20. Qa5 h5 21. e6 Nxe6
22. Qc3 f6 23. Bd6 Qf7 24. Rd5 c4 25. b4 Rh6 26. Qe3 h4 27. h3 c3 28. b3 Qg6
29. Rf5 Rc6 30. Rd1 Ng7 31. Rfd5 Rxd6 32. Rxd6 Qxe4 33. Qa7 Ne6 34. Rxd7 1-0

[Event "SA Championship"]
[Site "Adelaide"]
[Date "1993.??.??"]
[Round "10"]
[White "Goldsmith, Alan D"]
[Black "Stokes, Brett"]
[Result "1-0"]
[WhiteElo "1971"]
[BlackElo "1741"]
[PlyCount "55"]
[EventDate "1993.??.??"]
[EventType "tourn"]
[EventRounds "11"]
[EventCountry "AUS"]

1. d4 Nf6 2. c4 e6 3. Nc3 Bb4 4. a3 Bxc3+ 5. bxc3 c5 6. e3 O-O 7. Bd3 d5 8. Ne2
a6 9. O-O dxc4 10. Bxc4 b5 11. Ba2 Bb7 12. f3 Nc6 13. e4 cxd4 14. cxd4 a5 15.
Bg5 Qb6 16. Kh1 b4 17. Rc1 a4 18. d5 exd5 19. Bxf6 gxf6 20. Nf4 dxe4 21. Nd5
Qd4 22. Ne7+ Kh8 23. Nxc6 Qb2 24. Rc2 Qxa3 25. Qd6 Bxc6 26. Qxf6+ Kg8 27. Rc5
h6 28. Qg6+ 1-0

[Event "SA Championship"]
[Site "Adelaide"]
[Date "1993.??.??"]
[Round "10"]
[White "Djelaj, Pasko"]
[Black "Hornung, Michael P"]
[Result "0-1"]
[WhiteElo "1740"]
[BlackElo "1568"]
[PlyCount "74"]
[EventDate "1993.??.??"]
[EventType "tourn"]
[EventRounds "11"]
[EventCountry "AUS"]

1. Nf3 c5 2. c4 g6 3. d4 cxd4 4. Nxd4 Nf6 5. g3 Bg7 6. Bg2 O-O 7. O-O Nc6 8.
Nb3 d6 9. Nc3 Be6 10. c5 d5 11. f3 d4 12. Nb5 Bc4 13. a4 Nd7 14. Nd2 Bd5 15. b4
Nxb4 16. Ba3 Nc6 17. Nb3 Bxb3 18. Qxb3 a6 19. Rab1 axb5 20. axb5 Na5 21. Qb4
Ne5 22. Rfd1 Nec4 23. Bc1 Qc7 24. b6 Qd7 25. e4 d3 26. Bf1 Qd4+ 27. Kg2 Nc6 28.
Qb3 Qxc5 29. Rxd3 N4e5 30. Rd5 Qb4 31. Qxb4 Nxb4 32. Rxb4 Rfc8 33. Be3 Rc2+ 34.
Bd2 e6 35. Rd6 Bf8 36. Rdd4 Bxb4 37. Rxb4 Rxd2+ 0-1

[Event "SA Championship"]
[Site "Adelaide"]
[Date "1993.??.??"]
[Round "10"]
[White "Ayris, Tony"]
[Black "Cowley, Robert G"]
[Result "1/2-1/2"]
[WhiteElo "1883"]
[BlackElo "2057"]
[PlyCount "40"]
[EventDate "1993.??.??"]
[EventType "tourn"]
[EventRounds "11"]
[EventCountry "AUS"]

1. e4 Nf6 2. e5 Nd5 3. c4 Nb6 4. d4 d6 5. f4 dxe5 6. fxe5 Nc6 7. Be3 Bf5 8. Nc3
e6 9. Nf3 Bg4 10. Be2 Bxf3 11. gxf3 Qh4+ 12. Bf2 Qf4 13. c5 Nd7 14. Bb5 O-O-O
15. Bxc6 bxc6 16. Qe2 Bxc5 17. Be3 Qh4+ 18. Bf2 Qf4 19. Be3 Qh4+ 20. Bf2 Qf4
1/2-1/2

[Event "SA Championship"]
[Site "Adelaide"]
[Date "1993.??.??"]
[Round "11"]
[White "Stokes, Brett"]
[Black "Speck, Nicholas S"]
[Result "0-1"]
[WhiteElo "1741"]
[BlackElo "2115"]
[PlyCount "78"]
[EventDate "1993.??.??"]
[EventType "tourn"]
[EventRounds "11"]
[EventCountry "AUS"]

1. g3 d5 2. Bg2 Nf6 3. c4 d4 4. d3 e5 5. Nf3 Nc6 6. O-O Be7 7. a3 a5 8. b3 O-O
9. Bb2 Be6 10. e3 Qd7 11. exd4 exd4 12. Nbd2 Bg4 13. Qc2 Rfe8 14. Rfe1 Bc5 15.
Ng5 Qf5 16. Nge4 Nxe4 17. Nxe4 Be7 18. f4 Qd7 19. Nf2 Bh5 20. Bh3 f5 21. Bg2
Bc5 22. Kh1 Re7 23. Rxe7 Qxe7 24. Qd2 Re8 25. Nh3 Qe2 26. Qxe2 Rxe2 27. Rb1 h6
28. Kg1 Kf7 29. Nf2 g5 30. Bxc6 bxc6 31. b4 axb4 32. axb4 Bxb4 33. Bxd4 c5 34.
Be5 Be1 35. Nh1 Bf3 36. Rxe1 Rxe1+ 37. Kf2 Rxe5 38. Kxf3 Re1 39. Nf2 g4+ 0-1

[Event "SA Championship"]
[Site "Adelaide"]
[Date "1993.??.??"]
[Round "11"]
[White "Tanti, Joseph G"]
[Black "Hornung, Michael P"]
[Result "0-1"]
[WhiteElo "1711"]
[BlackElo "1568"]
[PlyCount "54"]
[EventDate "1993.??.??"]
[EventType "tourn"]
[EventRounds "11"]
[EventCountry "AUS"]

1. e4 c5 2. Nf3 d6 3. d4 cxd4 4. Nxd4 Nf6 5. Nc3 a6 6. Bg5 e6 7. f4 Qb6 8. Qd2
Qxb2 9. Rb1 Qa3 10. e5 dxe5 11. fxe5 Nfd7 12. Bc4 Qc5 13. Bxe6 fxe6 14. Nxe6
Qxe5+ 15. Kd1 Kf7 16. Re1 Qf5 17. Qe2 Nf6 18. Nd8+ Kg6 19. Bxf6 Qd7+ 20. Kc1
Ba3+ 21. Rb2 gxf6 22. Rd1 Qg4 23. Qd3+ Bf5 24. Qd5 Bxb2+ 25. Kxb2 Qb4+ 26. Kc1
Qxc3 27. Qf7+ Kh6 0-1